000
00303nam a2200121Ia 4500
008
220204s9999 xx 000 0 und d
082
_a
373.3
_b
GAD
100
_a
Dandekar, V M
245
0
_a
Primary education in Satara district
260
_a
Poona
_b
Gokhale6c1955
700
_a
Gadgil, D R
942
_c
BK
999
_c
20013
_d
20013